| 000 | 00472 a2200145 4500 | ||
|---|---|---|---|
| 999 |
_c9220 _d9220 |
||
| 020 | _a9781138208308 | ||
| 050 | _aK1700HUM2017 | ||
| 245 |
_aHuman rights-based change: _bthe institutionalisation of economic and social rights / _cedited by Maija Mustaniemi-Laakso and Hans-Otto Sano |
||
| 264 |
_aNew York: _bRoutledge, _c2017 |
||
| 300 | _a121p. : | ||
| 500 | _aincludes index | ||
| 650 | _ahuman rights | ||
| 700 |
_aSano Hans-Otto _eeditor |
||
| 942 |
_2lcc _cBK _h1700 _iHUM _kK |
||